Classical Mechanics (Record no. 478397)

000 -LEADER
fixed length control field 00423nam a22001697a 4500
003 - CONTROL NUMBER IDENTIFIER
control field NUST
005 - DATE AND TIME OF LATEST TRANSACTION
control field 20180528065241.0
008 - FIXED-LENGTH DATA ELEMENTS--GENERAL INFORMATION
fixed length control field 180528b ||||| |||| 00| 0 eng d
020 ## - INTERNATIONAL STANDARD BOOK NUMBER
International Standard Book Number 9788173199912
038 ## - RECORD CONTENT LICENSOR
Staff Name SNS Library
082 ## - DEWEY DECIMAL CLASSIFICATION NUMBER
Classification number 531
100 ## - MAIN ENTRY--PERSONAL NAME
Personal name Suresh Chandra
9 (RLIN) 10543
245 ## - TITLE STATEMENT
Title Classical Mechanics
Statement of responsibility, etc. Suresh Chandra
260 ## - PUBLICATION, DISTRIBUTION, ETC.
Place of publication, distribution, etc. New Delhi
Name of publisher, distributor, etc. Narosa
Date of publication, distribution, etc. 2009
300 ## - PHYSICAL DESCRIPTION
Extent 334 P.
Other physical details Pb.
942 ## - ADDED ENTRY ELEMENTS (KOHA)
Source of classification or shelving scheme
Koha item type Book
Holdings
Withdrawn status Lost status Source of classification or shelving scheme Damaged status Not for loan Permanent Location Current Location Date acquired Total Checkouts Total Renewals Full call number Barcode Date last seen Date last checked out Price effective from Koha item type
          School of Natural Sciences (SNS) School of Natural Sciences (SNS) 05/28/2018 6 3 531 SNS0002480 06/10/2025 06/02/2025 05/28/2018 Book
© 2023 Central Library, National University of Sciences and Technology. All Rights Reserved.